| 000 | 00931 am a2200277Ka 4500 | ||
|---|---|---|---|
| 001 | 200459394 | ||
| 003 | TR-AnTOB | ||
| 005 | 20250716121458.0 | ||
| 008 | 210412s2021 tu 000 0 tur d | ||
| 020 | _a9786257334112 | ||
| 040 |
_aIU _cIU _beng _erda |
||
| 041 | 0 | _atur | |
| 050 | 1 | _aKKX3800 | |
| 090 |
_aKKX3800 _b.B39 2021 v.8 |
||
| 100 | 1 |
_aBayraktar, Köksal _9122005 |
|
| 245 | 1 | 0 |
_aÖzel ceza hukuku : _bcilt viii : ekonomi, sanayi ve ticarete ilişkin suçlar - bilişim alanında suçlar : (TCK m. 235-246 ) / _cProf. Dr. Köksal Bayraktar... [and nine others]. |
| 264 | 1 |
_aİstanbul : _bOn İki Levha Yayınları, _c2021. |
|
| 300 |
_axxvii, 324 pages ; _c24 cm |
||
| 336 |
_2rdacontent _atext _btxt |
||
| 337 |
_2rdamedia _aunmediated _bn |
||
| 338 |
_2rdacarrier _avolume _bnc |
||
| 490 | 0 |
_aOn İki Levha Yayınları ; _v1637 |
|
| 650 |
_aCeza hukuku _958325 |
||
| 942 |
_2lcc _cBK |
||
| 999 |
_c200459394 _d77606 |
||